Quê hương, Hạnh phúc từ nay, Thành phố chưa dừng chân : Thơ

Uloženo v:
Podrobná bibliografie
Hlavní autor: Giang Nam
Médium: Kniha
Jazyk:Undetermined
Vydáno: Hà Nội Hội nhà văn 2014
Témata:
Tagy: Přidat tag
Žádné tagy, Buďte první, kdo otaguje tento záznam!
Thư viện lưu trữ: Trung tâm Học liệu Trường Đại học Cần Thơ
LEADER 00653nam a2200205Ia 4500
001 CTU_209993
008 210402s9999 xx 000 0 und d
082 |a 895.922134 
082 |b Gi106 
100 |a Giang Nam 
245 0 |a Quê hương, Hạnh phúc từ nay, Thành phố chưa dừng chân : 
245 0 |b Thơ 
245 0 |c Giang Nam 
260 |a Hà Nội 
260 |b Hội nhà văn 
260 |c 2014 
650 |a Vietnamese literature,Văn học Việt Nam 
650 |y 20th century,Thế kỷ 20 
904 |i Trần Thị Yến Nhi, Trúc 
980 |a Trung tâm Học liệu Trường Đại học Cần Thơ